000 03425cam a2200397 i 4500
001 20605549
003 OSt
005 20230908130828.0
008 171023s2018 mdu b 001 0 eng c
010 _a 2017040321
020 _a9781538106266
_q(cloth ;
_qalk. paper)
020 _a9781538106273
_q(paperback ;
_qalk. paper)
020 _z9781538106280
_q(electronic)
040 _aLBSOR/DLC
_beng
_cLBSOR
_erda
_dDLC
042 _apcc
050 0 0 _aP94.6
_b.L845 2018
082 0 0 _a302.23
_bLUL/G
100 1 _aLule, Jack,
_d1954-
_eauthor.
_99451
245 1 0 _aGlobalization and media :
_bglobal village of Babel /
_cJack Lule, Lehigh University.
250 _aThird edition.
264 1 _aLanham :
_bRowman & Littlefield,
_c[2018]
300 _ax, 208 pages ;
_c24 cm.
336 _atext
_2rdacontent
337 _aunmediated
_2rdamedia
338 _avolume
_2rdacarrier
490 0 _aGlobalization
504 _aIncludes bibliographical references and index.
505 0 _aGlobal village of Babel -- Language and metaphor : what we talk about when we talk bout globalization and media -- The role of media in globalization : a history -- "The rise of the global imaginary" : the global village -- Media and economic globalization : starving children, Hannah Montana, football, and the bottom billion -- Media and political globalization : killing stories and journalists -- Media and cultural globalization : cartoon killings and dismantled McDonald's -- Conclusion : the globalization of false promises.
520 _a"The fully updated third edition of this lively and accessible book argues for the central role of media in understanding globalization. Indeed, Jack Lule convincingly shows that globalization could not have occurred without media. From earliest times, humans have used media to explore, settle, and globalize their world. In our day, media has made the world progressively "smaller" as nations and cultures come into increasing contact. Decades ago Marshall McLuhan prophesied that media technology would transform the world into a "global village." Slowly, fitfully, his vision is being fulfilled. The global village, however, is not the blissful utopia that McLuhan predicted. Nor, in a more modern formulation, is the world flat, with playing fields leveled and opportunities for all. Instead, Lule argues, globalization and media are combining to create a divided world of gated communities and ghettos, borders and boundaries, suffering and surfeit, beauty and decay, surveillance and violence. By breaking down the economic, cultural, and political impact of media, and through a rich set of case studies from around the globe, the author describes a global village of Babel--invoking the biblical town punished for its vanity by seeing its citizens scattered, its language confounded, and its destiny shaped by strife"--
_cProvided by publisher.
650 0 _aMass media and globalization.
650 0 _aCulture and globalization.
776 0 8 _iOnline version:
_aLule, Jack, 1954- author.
_tGlobalization and media
_bThird edition.
_dLanham : Rowman & Littlefield, [2018]
_z9781538106280
_w(DLC) 2018036830
906 _a7
_bcbc
_corignew
_d1
_eecip
_f20
_gy-gencatlg
942 _2ddc
_cBK
_h302.23
_iLUL/G
_k302.23
_mLUL/G
999 _c42158
_d42158